000 00721nam a2200277Ia 4500
005 20260324141901.0
008 008 260324s9999 xx 000 0 eng d
020 _a9781315022086
037 _aEBOOK
040 _aCRL
040 _beng
040 _cCRL
041 _2eng
041 _aeng
084 _qCRL
100 _aJoyce Appleby; Michael Latham; Allison Sneider; Elizabeth Covington; David Hoyt
_91209876
245 0 _aKnowledge and Postmodernism in Historical Perspective
260 _bTaylor and Francis
260 _c1996
365 _a
365 _b195
856 _uhttp://www.taylorfrancis.com/books/9781315022086
942 _cEBOOK
999 _c1813438
_d1813438